000 00560nam a22001577a 4500
003 NUST
082 _a670
100 _a Mumtaz ,Adeel
_9122304
245 _aSTUDY OF PARAMETERS OF ELECTRON BEAM WELDING OF INCONEL 617 WITH STAINLESS STEEL 310 /
_cAdeel Mumtaz
264 _aIslamabad:
_bSMME- NUST.
_c2021.
300 _a58p. ;
_bSoft Copy,
_c30cm.
650 _aMS Design and Manufacturing Engineering
_9119567
700 _aSupervisor : Dr. Mushtaq Khan
_9119879
856 _uhttp://10.250.8.41:8080/xmlui/handle/123456789/23931
942 _2ddc
_cTHE
999 _c608809
_d608809